000 00246nam a22000857a 4500
008 161117b xxu||||| |||| 00| 0 eng d
100 _91275
_aArya. V
245 _aDiscover india : through mazas and games
260 _aNew delhi
_bNational book trust
_c2006
999 _c3979
_d3979